000 00516nam a2200181Ia 4500
008 090630s9999 xx 000 0 und d
082 _b27186
100 _aमेंगजी अशोक.
245 _aबदल.
_cमेंगजी अशोक.
260 _bसुपर्ण.
_c2005
300 _a173
600 _aमेंगजी अशोक.
630 _aबदल.
655 _aकादंबरी.
700 _aमेंगजी अशोक.
730 _aबदल.
942 _cBOOK
999 _c279042
_d279042